000 00526nam a2200169 i 4500
001 29274
003 ES-MaACL
005 20230906154013.0
007 t|
008 030121s1951 sp ||||1| spa d
100 1 _aBargueño, Pedro.
_925644
245 1 0 _aEscorzos
_b: poemas /
_cPedro Bargueño ; ilustraciones de Jean L. Viard.
260 _aZamora :
_b[s.n.,
_c1951] (
_fMercurio Artes Gráficas)
300 _a66 p. :
_bretr. aut. ;
_c18 cm.
700 1 _aViard, Jean L.
_9114297
852 _aES-MaACL
_j1939-F-18
_bR.31731
999 _c29274
_d29274